| 000 | 005130000a22001810004500 | ||
|---|---|---|---|
| 003 | MACL | ||
| 005 | 20160315132028.0 | ||
| 008 | 160315b xxu||||| |||| 00| 0 eng d | ||
| 040 |
_aMACL _cMACL |
||
| 041 | _aHindi | ||
| 082 | _a920 | ||
| 100 |
_aगांधीजी _938113 |
||
| 245 | _aशिक्षाकी समस्या | ||
| 260 |
_bनवजीवन प्रकाशन मंदिर _aअहमदाबाद |
||
| 350 | _a3 | ||
| 650 |
_aBiography _946093 |
||
| 942 |
_cHIN _k920 _2ddc |
||
| 999 |
_c23503 _d23503 |
||